000 00647nam a22002297a 4500
003 UA-OsUOA
001 49159
007 ta
008 20070924b un ||||| |||| 00| 0 ukr d
100 _aЯкубинский Л.
090 _a811.161.1(091)
_bЯ49
942 _cBK
040 _aUA-OsUOA
_brus
_cUA-OsUOA
_dUA-OsUOA
245 _aИстория древнерусского языка
300 _a367 с.
955 _a2
041 _arus
080 _a811.161.1(091)
260 _aМ.
_c1953
650 7 _a8 Мовознавство. Художня література. Літературознавство
_2UDC
999 _c335269
_d335269